VILO - Niziny świata - Statystyki

Ogólne statystyki
  • Ten quiz został rozwiązany 45 razy
    33 od ostatniego zresetowania
  • Średni wynik to 16 z 20
Odpowiedzi na mapie
Odpowiedzi zakodowano w zielono-czerwonej skali na mapie do tego quizu, zgodnie z poniższymi procentami.
 
Statystyki odpowiedzi
Odpowiedź % Poprawnych
Chińska
95%
Francuska
95%
Mezopotamii
95%
Hudsona
90%
Nadkaspijska
90%
Wielka Nizina Węgierska
90%
Zachodniosyberyjska
90%
Gujańska
85%
Meksykańska
85%
Nizina Gangesu
85%
Nizina Indusu
80%
Wielki Basen Artyzejski
80%
Zatokowa
80%
La Platy
75%
Turańska
70%
Atlantycka
60%
Orinoko
60%
Mała Nizina Węgierska
55%
Wołowska
50%
Padańska
45%
Nie znaleziono quizów pasujących do podanych kryteriów
Rozkład punktacji
Procent ludzi z każdym wynikiem
Percentyl według liczby udzielonych odpowiedzi
Twoja historia wyników
Nie rozwiązałeś tego quizu od ostatniego zresetowania